| 000 | 01714cam a2200517 i 4500 | ||
|---|---|---|---|
| 001 | 7570 | ||
| 003 | KOSZ 005 | ||
| 005 | 20250723103501.0 | ||
| 008 | 250723s1969 pl a f 001 0 pol | ||
| 015 | _aUWD 1969/3471 | ||
| 035 | _a991037638379705066 | ||
| 035 | _a(PL-WaBN)b20090572-48omnis_nlop | ||
| 035 | _ab20090572 | ||
| 035 | _a(OCoLC)749939033 | ||
| 035 | _a(PL)b0000002009057 | ||
| 035 | _a(EXLNZ-48OMNIS_NETWORK)9910196357305606 | ||
| 040 |
_aWA N _cWA N _dKOSZ 005/RW |
||
| 046 | _k1969 | ||
| 080 | _a536.7 | ||
| 080 | _a621.1 | ||
| 080 | _a(07) | ||
| 100 | 1 |
_aStaniszewski, Bogumił _d(1924-1995) _eAutor |
|
| 245 | 1 | 0 |
_aTermodynamika / _cBogumił Staniszewski. |
| 250 | _aWydanie I. | ||
| 260 |
_aWarszawa : _bPaństwowe Wydawnictwo Naukowe, _c1969. |
||
| 300 |
_a455, [1] stron, [1] karta tablic : _bilustracje ; _c24 cm. |
||
| 336 |
_aTekst _btxt _2rdacontent |
||
| 337 |
_aBez urządzenia pośredniczącego _bn _2rdamedia |
||
| 338 |
_aWolumin _bnc _2rdacarrier |
||
| 380 | _aKsiążki | ||
| 380 | _aPublikacje dydaktyczne | ||
| 380 | _aPublikacje naukowe | ||
| 385 |
_mPoziom nauczania _aSzkoły wyższe |
||
| 388 | 1 | _a1901-2000 | |
| 388 | 1 | _a1945-1989 | |
| 504 | _aBibliografia na stronie [452]. Indeks. | ||
| 521 | 8 | _aPodręcznik dla wydziałów mechanicznych politechnik. | |
| 650 | 7 |
_aTermodynamika techniczna _2DBN |
|
| 655 | 7 |
_aPodręcznik _2DBN |
|
| 658 | _aFizyka i astronomia | ||
| 658 | _aInżynieria i technika | ||
| 710 | 2 |
_aPaństwowe Wydawnictwo Naukowe _4pbl |
|
| 856 |
_uhttps://koha.tu.koszalin.pl/cgi-bin/koha/opac-detail.pl?biblionumber=7570 _yKatalog online BPK |
||
| 942 |
_2UKD _cKS |
||
| 999 |
_c7570 _d7570 |
||